Легенда о великой волне (Запись № 12722465)

Подробности
000 -МАРКЕР
контрольное поле 02710nam0a2200349 4500
001 - ИДЕНТИФИКАТОР ЗАПИСИ
контрольное поле RU\NLR\BIBL_A\016216003
005 - ИДЕНТИФИКАТОР ВЕРСИИ
контрольное поле 20230124153620.0
010 ## - МЕЖДУНАРОДНЫЙ СТАНДАРТНЫЙ НОМЕР КНИГИ (ISBN)
Номер (ISBN) 978-5-17-127161-9
Тираж 2000
021 ## - НОМЕР ГОСУДАРСТВЕННОЙ РЕГИСТРАЦИИ
Код страны Российская Федерация
Номер КН-П-22-074364
Номер Листа государственной регистраци КН-П-22-6475
035 ## - ДРУГИЕ СИСТЕМНЫЕ НОМЕРА
Идентификатор записи (NLR Aleph) 016216003
035 ## - ДРУГИЕ СИСТЕМНЫЕ НОМЕРА
Идентификатор записи (RuMoRGB)011308800
100 ## - ДАННЫЕ ОБЩЕЙ ОБРАБОТКИ
Данные общей обработки 20221123d2022 u y0rusy50 ca
101 1# - ЯЗЫК РЕСУРСА
Язык текста, звукозаписи и т.д. русский
Язык оригинала итальянский
102 ## - СТРАНА ПУБЛИКАЦИИ ИЛИ ПРОИЗВОДСТВА
Страна публикации Российская Федерация
105 ## - ПОЛЕ КОДИРОВАННЫХ ДАННЫХ: ТЕКСТОВЫЕ МАТЕРИАЛЫ, МОНОГРАФИЧЕСКИЕ
Кодированные данные о монографическом текстовом документе y z 000ay
181 #0 - ПОЛЕ КОДИРОВАННЫХ ДАННЫХ: ВИД СОДЕРЖАНИЯ
Код вида содержания (ISBD) i
Код характеристики содержания (ISBD) axxe
182 #0 - ПОЛЕ КОДИРОВАННЫХ ДАННЫХ: ТИП СРЕДСТВА
Код типа средства (ISBD) n - непосредственное
200 1# - ЗАГЛАВИЕ И СВЕДЕНИЯ ОБ ОТВЕТСТВЕННОСТИ
Основное заглавие Легенда о великой волне
Сведения, относящиеся к заглавию [роман]
Первые сведения об ответственности Дарио Тонани
Последующие сведения об ответственности перевод с итальянского Марины Яшиной
203 ## - ВИД СОДЕРЖАНИЯ И ТИП СРЕДСТВА
Вид содержания Текст
Дополнительные сведения об издании визуальный
Тип средства непосредственный
210 ## - ПУБЛИКАЦИЯ, РАСПРОСТРАНЕНИЕ И ДР.
Место издания, распространения и т.д. Москва
Имя издателя, распространителя и т. д. АСТ
Дата издания, распространения и т.д. 2022
215 ## - ФИЗИЧЕСКАЯ ХАРАКТЕРИСТИКА
Специфическое обозначение материала и объем 379, [2] с.
Размеры 21
225 1# - СЕРИЯ
Основное заглавие серии Звезды научной фантастики
330 ## - РЕЗЮМЕ ИЛИ РЕФЕРАТ
Текст примечания Мир9 - смертоносная планета, покрытая ядовитыми песками. Чтобы выжить здесь, люди совершенствовали свое искусство механики, превратив все вокруг в царство машин и ржавчины. Здесь пустыни бороздят огромные корабли, разумные и хищные, а жуткая болезнь превращает человеческую плоть в металл. В этом мире живет Найла, капитан старого китобойного судна по имени Сиракк, теперь ставшего грузовым. Найла идет по следам горбатых китов, обитающих в песках, она ищет Великую волну, невероятное физическое явление, которое никто из людей пока не видел, а кто видел, уже ничего не расскажет. Для кого-то это всего лишь предание. Для кого-то суеверие. Для кого-то настоящая опасность. Для Найлы - единственная цель в жизни, возможность вернуть на Мир9 покой и дать ему будущее, ведь существует легенда, что Великой волной можно управлять
333 ## - ПРИМЕЧАНИЯ ОБ ОСОБЕННОСТЯХ РАСПРОСТРАНЕНИЯ И ИСПОЛЬЗОВАНИЯ
Текст примечания 16+
686 1# - ИНДЕКСЫ ДРУГИХ КЛАССИФИКАЦИЙ
Индекс Ш6(4Ит)67-445{Лх1609-62}
700 #1 - ИМЯ ЛИЦА - ПЕРВИЧНАЯ ОТВЕТСТВЕННОСТЬ
Графика поля Кириллица
Материалы, к которым относится поле rus
Начальный элемент ввода Тонани
Часть имени, кроме начального элемента ввода Д.
Даты 1959-
Расширение инициалов личного имени Дарио
Системный номер авторитетной/нормативной записи 246956
Идентификатор авторитетной/нормативной записи RU\NLR\AUTH\770247012
942 ## - ДОПОЛНИТЕЛЬНЫЕ ЭЛЕМЕНТЫ ЗАПИСИ (АБИС)
Тип экземпляра АБИС Книга
980 ## - КОЛЛЕКЦИЯ
Название коллекции Национальная библиография
Экземпляры
Тип экземпляра Дата поступления Источник поступления Библиотека постоянного хранения Библиотека текущего хранения Место хранения Шифр хранения Штрих-код Статус экземпляра
Книга 23.11.2022 Обязательный экземпляр РНБ (Московский) РНБ (Московский) Русский книжный фонд: издания с 1957 года 2022-3/32618 1-3902136  
Книга 23.11.2022 Обязательный экземпляр РНБ (Московский) РНБ (Московский) Русский книжный фонд: издания с 1957 года 2022-3/32618 1-3902134